Statistics for Asian Cities by Picture

Click here to take the quiz!

General Stats

  • This quiz has been taken 41 times
  • The average score is 12 of 16

Answer Stats

Answer% Correct
Beijing
98%
Tokyo
95%
Kuala Lumpur
93%
Taipei
93%
Bangkok
90%
Jerusalem
90%
Singapore
90%
Agra
88%
Dubai
80%
Pyongyang
78%
Lhasa
73%
Doha
70%
Yangon
65%
Baku
38%
Ashgabat
28%
Ha Long
20%

Score Distribution

Percentile by Number Answered

Percent of People with Each Score

Your Score History

You have not taken this quiz